000 00702nam a2200217Ii 4500
003 JO-AjNU
008 230605s9999||||xx |||||||||||||| ||und||
020 _a9953-4-0100-4
040 _aJO-AjNU
_bara
_erda
_cJO-AjNU
041 _aara
050 1 4 _aLB1051.N3722 2005
100 3 _aنشواتي، عبد المجيد,
_eauthor
_960574
245 0 0 _aعلم النفس التربوي
250 _aط10
264 3 1 _aلبنان/ بيروت: مؤسسة الرسالة، 2005
300 _a638ص
_bطبعة مزيدة ومنقحة
336 _atext
_btxt
_2rdacontent
337 _aunmediated
_bn
_2rdamedia
338 _avolume
_bnc
_2rdacarrier
650 4 _aعلم النفس التربوي
_960575
999 _aA27322
_c30890
_d30890